Central Library OPAC University of Rajshahi

The Oxford handbook of analytical sociology / (Record no. 58010)

MARC details
000 -LEADER
fixed length control field 00954nam a2200289 a 4500
001 - CONTROL NUMBER
control field 58010
003 - CONTROL NUMBER IDENTIFIER
rucl marc code BD-RjUL
005 - DATE AND TIME OF LATEST TRANSACTION
control field 20211209080558.0
008 - FIXED-LENGTH DATA ELEMENTS--GENERAL INFORMATION
fixed length control field 161212s2009 enka bf 001 0 eng d
020 ## - INTERNATIONAL STANDARD BOOK NUMBER
International Standard Book Number 9780199215362 (hbk.)
International Standard Book Number 9780199587452 (pbk.)
035 ## - SYSTEM CONTROL NUMBER
System control number (BD-RjUL)58134
040 ## - CATALOGING SOURCE
Original cataloging agency DLC
Transcribing agency DLC
Language of cataloging eng
Modifying agency BD-RjUL
041 ## - LANGUAGE CODE
Language code of text/sound track or separate title eng
082 00 - DEWEY DECIMAL CLASSIFICATION NUMBER
Classification number 301.01
Edition number 23
Author mark and year OXF 2009
245 04 - TITLE STATEMENT
Title The Oxford handbook of analytical sociology /
Statement of responsibility, etc. edited by Peter Hedström and Peter Bearman.
246 30 - VARYING FORM OF TITLE
Title proper/short title Analytical sociology
260 ## - PUBLICATION, DISTRIBUTION, ETC. (IMPRINT)
Place of publication, distribution, etc. New York :
Name of publisher, distributor, etc. Oxford University Press,
Date of publication, distribution, etc. 2009.
300 ## - PHYSICAL DESCRIPTION
Pagination xxi, 772 p. :
Illustrations ill. ;
Size 26 cm.
490 1# - SERIES STATEMENT
Series statement Oxford handbooks series
504 ## - BIBLIOGRAPHY, ETC. NOTE
Bibliography, etc Includes bibliographical references and indexes.
650 #0 - SUBJECT ADDED ENTRY--TOPICAL TERM
Topical term or geographic name as entry element Sociology
General subdivision Philosophy
Form subdivision Handbooks, manuals, etc.
9 (RLIN) 172280
700 1# - ADDED ENTRY--PERSONAL NAME
Personal name Hedström, Peter.
Personal name Bearman, Peter S.
830 #0 - SERIES ADDED ENTRY--UNIFORM TITLE
Uniform title Oxford handbooks.
942 ## - ADDED ENTRY ELEMENTS (KOHA)
Source of classification or shelving scheme Dewey Decimal Classification
Koha item type Books
Holdings
Lost status Source of classification or shelving scheme Damaged status Not for loan Collection code Permanent Location Current Location Shelving location Date acquired Source of acquisition Cost, normal purchase price Total Checkouts Full call number Date last seen Copy number Koha item type
  Dewey Decimal Classification   Not For Loan Non-fiction Central Library, University of Rajshahi Central Library, University of Rajshahi Reading Room 08/07/2013 Paragon enterprises ltd., Dhaka 3300.00   301.01 OXF 2009 17/12/2016 C-1 Books